| 000 | 00628nam a2200193 i 4500 | ||
|---|---|---|---|
| 001 | 44140 | ||
| 003 | ES-MaACL | ||
| 005 | 20251001204323.0 | ||
| 007 | t| | ||
| 008 | 030320s1960 sp ||||1| spa d | ||
| 100 | 1 |
_aCiscar Rius, Fedérico. _938912 |
|
| 245 | 1 | 0 |
_aDiagnóstico hematológico _b: laboratorio y clínica / _cpor Fedérico Ciscar Rius y Pedro Farreras Valentí. |
| 250 | _a1º ed. | ||
| 260 |
_aBarcelona : _bJims, _c1960. |
||
| 300 |
_aXXVII, 1051 p., 13 lám : _bil. ; _c24 cm. |
||
| 700 | 1 |
_aFarreras Valentí, Pedro, _d1916-1968 _948899 |
|
| 852 |
_aES-MaACL _jC-17437 _bR.45574 |
||
| 999 |
_c44140 _d44140 |
||